The decorated bindings in Marsh's Library, Dublin /

Bibliographic Details
Main Author: Foot, Mirjam
Format: Book
Language:English
Published: Aldershot, Hants, England ; Burlington, VT : Ashgate, [2004]
Subjects:

MARC

Tag First Indicator Second Indicator Subfields
LEADER 00000pam a2200000 a 4500
001 in00001834026
005 20151026060351.0
008 030129s2004 enka bc 001 0 eng
010 |a  2003042152 
020 |a 0754606112 (acid-free paper) 
035 |a (OCoLC)ocm51751355 
040 |a DLC  |c DLC  |d TXA  |d UtOrBLW 
043 |a e------  |a e-ie--- 
049 |a TXAM 
050 0 0 |a Z269.3.F55  |b F66 2004 
082 0 0 |a 686.3/094  |2 21 
100 1 |a Foot, Mirjam. 
245 1 4 |a The decorated bindings in Marsh's Library, Dublin /  |c Mirjam M. Foot. 
264 1 |a Aldershot, Hants, England ;  |a Burlington, VT :  |b Ashgate,  |c [2004] 
264 4 |c ©2004 
300 |a xii, 130 pages :  |b illustrations (some color) ;  |c 24 cm. 
336 |a text  |b txt  |2 rdacontent 
337 |a unmediated  |b n  |2 rdamedia 
338 |a volume  |b nc  |2 rdacarrier 
504 |a Includes bibliographical references (pages 122-125) and index. 
650 0 |a Fine bindings  |z Europe  |v Catalogs. 
610 2 0 |a Marsh's Library  |v Catalogs. 
650 0 |a Bookbinding  |z Europe  |x History. 
948 |a cataloged  |b h  |c 2004/5/11  |d c  |e eneff  |f 12:19:01 pm 
994 |a E0  |b TXA 
999 |a MARS 
999 f f |s 904d413e-5613-319a-9eb7-697f711bbdc8  |i 240049a8-ac39-32cd-a1c0-86b1913d63eb  |t 0 
952 f f |p normal  |a Texas A&M University  |b College Station  |c Sterling C. Evans Library  |d Evans: Library Stacks  |t 0  |e Z269.3.F55 F66 2004  |h Library of Congress classification  |i unmediated -- volume  |m A14831901155 
998 f f |a Z269.3.F55 F66 2004  |t 0  |l Evans: Library Stacks